Detalles MARC
| 000 -LIDER |
| fixed length control field |
01695nam a2200337 a 4500 |
| 001 - NÚMERO DE CONTROL |
| Identificador de número de control |
000020261 |
| 003 - IDENTIFICACDOR DE NÚMERO DE CONTROL |
| control field |
DO-SdBPM |
| 005 - DATE AND TIME OF LATEST TRANSACTION |
| control field |
20241118102459.0 |
| 008 - ELEMENTOS DE LONGITUD FIJA |
| fixed length control field |
100802s1995 XX r 000 0 spa d |
| 020 ## - ISBN |
| International Standard Book Number |
9789945082685 |
| 040 ## - FUENTE DE CATALOGACIÓN |
| Agencia que crea de manera original el registro |
DO-SdBPM |
| Idioma de catalogación |
spa |
| Agencia que realiza la transcripción |
BPMSU |
| 082 #4 - NÚMERO DE CLASIFICACIÓN DECIMAL DE DEWEY |
| Classification number |
306.6 |
| Item number |
S471r 1995 |
| Edition number |
22 |
| 111 2# - ASIENTO PRINCIPAL--NOMBRE DE REUNIÓN O CONFERENCIA |
| Nombre de reunión o jurisdicción como elemento de entrada |
Seminar Religion Culture and Society with special emphasis on the case of Cuba |
| Fecha de la reunión |
( 2003 jul 21-22 : ) |
| 245 14 - MENCIÓN DE TITULO |
| Título |
Religion culture and society : |
| Subtítulo |
the case of cuba / |
| Mención de responsabilidad |
editor Margaret E. Crahan |
| 260 ## - PUBLICACIÓN, DISTRIBUCIÓN, ETC. (PIE DE IMPRENTA) |
| Lugar de publicación, distribución, etc |
Washington : |
| Nombre del editor, distribuidor, etc. |
Woodrow Wilson Center Reports on the Americas, |
| Fecha de publicación, distribución, etc |
2003 |
| 300 ## - DESCRIPCIÓN FÍSICA |
| Extensión |
147 p. ; |
| Otros detalles físicos |
Ius. ; |
| Dimensiones |
23 cm. |
| 490 0# - MENCIÓN DE SERIES |
| Mención de serie |
Woodrow Wilson center reports on the americas, |
| Volume/sequential designation |
9 |
| 500 ## - NOTA GENERAL |
| Nota general |
Incluye índice |
| 500 ## - NOTA GENERAL |
| Nota general |
Incluye datos biográficos del autor en la solapa de la cubierta |
| 504 ## - NOTA DE BIBLIOGRAFÍA, ETC. |
| Bibliography, etc |
Bibliografía : p. 421-441 |
| 505 0# - NOTA DE CONTENIDO |
| Texto normalizado de contenido |
Presentación / |
| Mención de responsabilidad |
Bolívar Troncoso Morales -- |
| Título |
Introducción |
| -- |
La esclavitud -- |
| -- |
Vida de los esclavos -- |
| -- |
El cimarronaje -- |
| -- |
La abolición de la esclavitud -- |
| -- |
El proceso de formación de las sociedades caribeñas actuales -- |
| -- |
Los estudios afroamericanos -- |
| -- |
Religión y magia -- |
| -- |
Música y danza -- |
| -- |
Economía, cocina y familia -- |
| -- |
Lenguaje y lteratura oral -- |
| -- |
Bibliografía-- |
| -- |
índice de personajes -- |
| -- |
índice de lugares |
| 590 ## - NOTA LOCAL |
| Texto de la nota local |
Inventariado, 2024/VM |
| 650 #4 - ENCABEZAMIENTO DE MATERIA--TEMÁTICO |
| Término temático o nombre geográfico como elemento de entrada |
Cultura |
| Subdivisión geográfica |
América Latina |
| 650 #4 - ENCABEZAMIENTO DE MATERIA--TEMÁTICO |
| Término temático o nombre geográfico como elemento de entrada |
Identidad cultural |
| Subdivisión temática general |
Congresos conferencias, etc |
| Subdivisión geográfica |
|
| 650 #4 - ENCABEZAMIENTO DE MATERIA--TEMÁTICO |
| Término temático o nombre geográfico como elemento de entrada |
Cultura política |
| Subdivisión geográfica |
Congresos conferencias |
| Subdivisión temática general |
|
| 650 #4 - ENCABEZAMIENTO DE MATERIA--TEMÁTICO |
| Término temático o nombre geográfico como elemento de entrada |
Cultura política |
| Subdivisión geográfica |
Congresos conferencias |
| 651 #4 - ENCABEZAMIENTO DE MATERIA--NOMBRE GEOGRÁFICO |
| Nombre geográfico |
|
| Subdivisión temática general |
|
| 700 1# - ASIENTO SECUNDARIO -- NOMBRE PERSONAL |
| Nombre personal |
Crahan, Margaret E. |
| Mención de responsabilidad |
editor |
| 910 ## - VALIDACIÓN |
| Validación |
VMateo V. Control de calidad. BPMSU |
| 942 ## - ADDED ENTRY ELEMENTS (KOHA) |
| Source of classification or shelving scheme |
Dewey Decimal Classification |
| Koha item type |
Libros |